Poetas de una generación : (Record no. 82721)

MARC details
000 -CABECERA
campo de control de longitud fija 00698nam a22002173a 4500
005 - FECHA Y HORA DE LA ÚLTIMA TRANSACCIÓN
campo de control 20230310063524.0
008 - ELEMENTOS DE LONGITUD FIJA--INFORMACIÓN GENERAL
campo de control de longitud fija 010621s1981 mx fr 000 0 spa d
035 ## - NÚMERO DE CONTROL DEL SISTEMA
Número de control de sistema UPN01000108810
049 ## - COLECCIÓN
Colección CG
050 #4 - SIGNATURA TOPOGRÁFICA DE LA BIBLIOTECA DEL CONGRESO
Número de clasificación PQ7258
Número de documento/Ítem P63 1949
245 00 - MENCIÓN DE TÍTULO
Título Poetas de una generación :
Resto del título 1940-1949 /
Mención de responsabilidad, etc. selec. y notas de Jorge González de León ; pról. Vicente Quirarte.
260 ## - PUBLICACIÓN, DISTRIBUCIÓN, ETC.
Lugar de publicación, distribución, etc. México :
Nombre del editor, distribuidor, etc. UNAM, Dirección General de Difusión Cultural,
Fecha de publicación, distribución, etc. 1981.
300 ## - DESCRIPCIÓN FÍSICA
Extensión 167 p.
440 #0 - MENCIÓN DE SERIE/ASIENTO SECUNDARIO--TÍTULO
Título Textos de humanidades ;
Designación de volumen o secuencia no.25)
650 14 - ASIENTO SECUNDARIO DE MATERIA - TERMINO TEMATICO
Término de materia o nombre geográfico como elemento de entrada Poesía mexicana
Subdivisión cronológica Siglo XX
9 (RLIN) 1285
650 22 - ASIENTO SECUNDARIO DE MATERIA - TERMINO TEMATICO
Término de materia o nombre geográfico como elemento de entrada Poesía mexicana
Subdivisión de forma Colecciones
9 (RLIN) 1274
901 ## - ELEMENTOS DE DATOS A LOCAL LDA (RLIN)
a 133552
902 ## - ELEMENTOS DE DATOS B LOCAL, LDB (RLIN)
Creó MEEG/pgv
905 ## - TIPO DE MATERIAL
Tipo de material Libro
Holdings
Estado de retiro Estado de pérdida Fuente del sistema de clasificación o colocación Estado dañado No para préstamo Código de colección Localización permanente Ubicación/localización actual Ubicación en estantería Total de préstamos Clasificación Código de barras Fecha visto por última vez Número de copia Tipo de ítem Koha
    Library of Congress Classification     Colección General Bib. Gregorio Torres Quintero Bib. Gregorio Torres Quintero Planta baja 6 PQ7258 P63 1949 133552 31/12/2020 1 Libro